Spell the Marvel Hero #142 - Statistics

General Stats
  • This quiz has been taken 10 times
  • The average score is 13 of 17
Answer Stats
Picture Answer % Correct
Rocket Raccoon
100%
Angel
89%
Devil Dinosaur
89%
Drax the Destroyer
89%
Elektra
89%
Spider-Man India
89%
Thena
89%
Yellowjacket
89%
Dagger
78%
Energizer
78%
Oya
78%
X-23
78%
Enigma
67%
Hope Summers
67%
Red Wolf
67%
Roz Solomon
33%
Timeslip
22%
No matching quizzes found
Score Distribution
Percent of People with Each Score
Percentile by Number Answered
Your Score History
You have not taken this quiz